Manual administrativo contable para explotaciones agropecuarias (Registro nro. 2163)
[ vista simple ]
| 000 -LEADER | |
|---|---|
| fixed length control field | 01290 a2200205 4500 |
| 001 - CONTROL NUMBER | |
| control field | 31194 |
| 005 - DATE AND TIME OF LATEST TRANSACTION | |
| control field | 20260407155618.0 |
| 008 - FIXED-LENGTH DATA ELEMENTS--GENERAL INFORMATION | |
| fixed length control field | 260407a1976 arg spa d |
| 003 - CONTROL NUMBER IDENTIFIER | |
| control field | AR-UNSa-BCEJYS |
| 040 ## - CATALOGING SOURCE | |
| Original cataloging agency | AR-UNSa-BCEJYS |
| Language of cataloging | spa |
| Transcribing agency | AR-UNSa-BCEJYS |
| 080 ## - UNIVERSAL DECIMAL CLASSIFICATION NUMBER | |
| Universal Decimal Classification number | 658:631.1 |
| Common auxiliary subdivision | Administración de empresas agropecuarias(maquinarias, etc.) |
| 100 1# - MAIN ENTRY--PERSONAL NAME | |
| Personal name | Lema, Andrés Emilio |
| 245 10 - TITLE STATEMENT | |
| Title | Manual administrativo contable para explotaciones agropecuarias |
| 250 ## - EDITION STATEMENT | |
| Edition statement | 2a. ed |
| 264 #1 - PRODUCTION, PUBLICATION, DISTRIBUTION, MANUFACTURE, AND COPYRIGHT NOTICE | |
| Place of production, publication, distribution, manufacture | Buenos Aires : |
| Name of producer, publisher, distributor, manufacturer | Cangallo |
| Date of production, publication, distribution, manufacture, or copyright notice | 1976 |
| 300 ## - PHYSICAL DESCRIPTION | |
| Extent | 364 p. |
| Dimensions | 23 cm. |
| 505 ## - FORMATTED CONTENTS NOTE | |
| Formatted contents note | 1. Contabilidad para explotaciones agropecuarias - 2. Técnica contable - 3. Organización de la contabilidad - 4. Explotación ganadera - 5. Explotación agrícola - 6. Explotación frutícola - 7. Explotación avícola - 8. Explotación agrícola, ganadera y de tambos - 9. Balance general - 10. Valuación de inventarios - 11. Desarrollo de contabilidades y confección de los estados contables - 12. Informes de auditoría - 13. Balances comparativos e indices de rentabilidad - 14. Papeles de trabajo - 15. Sistema simple de contabilidad para pequeños productores - 16. Modelos de contratos usuales en el negocio agropecuario - 17. Documentación respaldatoria |
| 590 ## - LOCAL NOTE (RLIN) | |
| Local note | niveau_biblio:m niveau_hierar:0 |
| 942 ## - ADDED ENTRY ELEMENTS (KOHA) | |
| Koha item type | |
| Withdrawn status | Lost status | Damaged status | Not for loan | Home library | Current library | Shelving location | Date acquired | Total checkouts | Full call number | Barcode | Date last seen | Price effective from | Koha item type |
|---|---|---|---|---|---|---|---|---|---|---|---|---|---|
| Biblioteca Prof. Eusebio Cleto del Rey | Biblioteca Prof. Eusebio Cleto del Rey | 07/04/2026 | 658:631.1 L544 2ed. | L12812 | 07/04/2026 | 07/04/2026 | Libro | ||||||
| Biblioteca Prof. Eusebio Cleto del Rey | Biblioteca Prof. Eusebio Cleto del Rey | 07/04/2026 | 658:631.1 L544 2ed. | L12830 | 07/04/2026 | 07/04/2026 | Libro |